Queenmaeree's Random Knowledge Quiz - Statistics

General Stats
  • This quiz has been taken 1,332 times
  • The average score is 6 of 15
Answer Stats
Question/Hint Answer % Correct
Who painted Starry Night? Vincent van Gogh
77%
This 1939 film, starring Clark Gable and Vivien Leigh, was the winner of 10 Academy Awards, a record held for 20 years. Gone with the Wind
71%
This famous group featuring Frank Sinatra, Dean Martin, Sammy Davis, Jr., Peter Lawford, and Joey Bishop starred together in the 1960 film Ocean's 11. The Rat Pack
66%
This is a natural phenomenon by which physical bodies attract with a force proportional to their masses. Gravity
62%
During the 1972 Summer Olympics in Munich, members from this Olympic team were taken hostage. Israeli Olympic Team
61%
Ulaanbaatar is the capital of which country? Mongolia
56%
What disruptive instrument received much criticism during the 2010 Fifa World Cup? Vuvuzela
47%
Who co-starred with Chris Farley in both Black Sheep and Tommy Boy? David Spade
36%
What was broken upon the Boston Red Sox's 2004 World Series victory? The Curse of the Bambino
33%
The Chicago Bulls, Cleveland Cavaliers, Detroit Pistons, Indiana Pacers, and Milwaukee Bucks make up which NBA division? Central Division
28%
This Roman emperor was known by his childhood name which translates to "little boot." Caligula
27%
In 1956, this pharmaceutical company had a chairman convicted at the Nuremberg trials for his role in experimentation on prisoners at Auschwitz. Bayer
22%
In 1912, Teddy Roosevelt founded which short-lived political party? Bull Moose Party
19%
This is the study of the distribution and patterns of health-events, health-characteristics and their causes or influences in well-defined populations. Epidemiology
17%
This man led Heaven's Gate, a religious UFO cult, to commit mass suicide in 1997 in order to reach an alien space craft he believed to be following the Comet Hale-Bopp. Marshall Applewhite
5%
No matching quizzes found
Score Distribution
Percent of People with Each Score
Percentile by Number Answered
Your Score History
You have not taken this quiz